| 000 | 00478pab a2200169 454500 | ||
|---|---|---|---|
| 008 | 180718b2010 xxu||||| |||| 00| 0 eng d | ||
| 100 | _aDhar, Sarbendu Bikash | ||
| 245 | _aRecent trend of intra-national immigration in Kolkata metropolitan area | ||
| 260 | _c2010 | ||
| 300 | _ap.98-106. | ||
| 650 | _aImmigration - India - West Bengal | ||
| 650 | _aImmigration | ||
| 700 | _aBasu, Ranjan | ||
| 773 | _aIndian Journal of Regional Science | ||
| 908 | _aN | ||
| 909 | _a87579 | ||
| 999 |
_c87579 _d87579 |
||